[Event "NAYCC U08 w"]
[Site "Windsor CAN"]
[Date "2016.08.10"]
[Round "7.178"]
[White "Ai, Amy"]
[Black "Rajaram, Anika"]
[Result "0-1"]
[WhiteElo "605"]
[BlackElo "1420"]
[PlyCount "108"]
[EventDate "2016.08.07"]
[EventType "swiss"]
[EventRounds "9"]
[EventCountry "CAN"]

1. e4 e6 2. d4 d5 3. Nd2 c5 4. c3 cxd4 5. cxd4 Bb4 6. exd5 exd5 7. a3 Be7 8.
Nb3 Nf6 9. Nf3 O-O 10. Bd3 Re8 11. O-O Nc6 12. Re1 Bg4 13. h3 Be6 14. Bf4 Rc8
15. Ng5 Bd7 16. Rc1 h6 17. Nf3 Be6 18. Nc5 Bxc5 19. dxc5 Qd7 20. Kh2 a6 21. Ne5
Nxe5 22. Bxe5 Bg4 23. hxg4 Nxg4+ 24. Kg1 Nxe5 25. Be2 d4 26. Qd2 d3 27. Bd1 Qd4
28. b4 Nc4 29. Rxe8+ Rxe8 30. Qc3 Qxc3 31. Rxc3 Re1+ 32. Kh2 Rxd1 33. Rxc4 Ra1
34. Rc3 d2 35. Rd3 d1=Q 36. Rxd1 Rxd1 37. Kg3 Ra1 38. Kf4 Rxa3 39. Ke5 Rb3 40.
Kd5 Rxb4 41. Kd6 a5 42. c6 bxc6 43. Kxc6 a4 44. Kc5 Rb1 45. Kc4 a3 46. Kc3 a2
47. Kc2 a1=Q 48. Kd2 Qa2+ 49. Kc3 Rb3+ 50. Kc4 Qa4+ 51. Kd5 Rb5+ 52. Kd6 Qa6+
53. Ke7 Rb7+ 54. Kd8 Qa8# 0-1

[Event "NAYCC U08 w"]
[Site "Windsor CAN"]
[Date "2016.08.10"]
[Round "7.179"]
[White "Pradhan, Ananya"]
[Black "Hua, Michelle"]
[Result "0-1"]
[WhiteElo "477"]
[BlackElo "1039"]
[PlyCount "26"]
[EventDate "2016.08.07"]
[EventType "swiss"]
[EventRounds "9"]
[EventCountry "CAN"]

1. e4 d5 2. d3 dxe4 3. Nc3 Nf6 4. Bf4 Bg4 5. Be2 Bxe2 6. Ngxe2 e6 7. Nb5 Bd6 8.
Bg5 h6 9. Bxf6 Qxf6 10. O-O O-O 11. h3 Nc6 12. dxe4 Qe5 13. a4 Qh2# 0-1

[Event "NAYCC U08 w"]
[Site "Windsor CAN"]
[Date "2016.08.10"]
[Round "7.180"]
[White "Wen, Kally"]
[Black "Kaur, Jind"]
[Result "1-0"]
[WhiteElo "1090"]
[BlackElo "787"]
[PlyCount "101"]
[EventDate "2016.08.07"]
[EventType "swiss"]
[EventRounds "9"]
[EventCountry "CAN"]

1. e4 e5 2. Nf3 Nc6 3. Bb5 Bb4 4. O-O Nf6 5. Nc3 Bxc3 6. dxc3 Nxe4 7. Re1 d5 8.
c4 dxc4 9. Qxd8+ Kxd8 10. Rxe4 a6 11. Bxc4 Be6 12. Bxe6 fxe6 13. Nxe5 Nxe5 14.
Rxe5 Re8 15. Bg5+ Kc8 16. Rae1 Kd7 17. Rd1+ Kc6 18. Re3 e5 19. Rde1 Rad8 20.
Bxd8 Rxd8 21. Rxe5 Rd2 22. R5e2 Rd4 23. Re7 Rd2 24. Rc1 Rd7 25. Rxd7 Kxd7 26.
Re1 c5 27. Re3 b5 28. Rg3 g6 29. Rh3 h5 30. Rg3 g5 31. Rxg5 h4 32. Rxc5 Ke6 33.
Rh5 Kf6 34. Rxh4 Kg5 35. Rh7 a5 36. Rb7 b4 37. Rb5+ Kf4 38. Rxa5 Ke4 39. h4 Kd4
40. h5 Kc4 41. h6 b3 42. cxb3+ Kb4 43. Ra8 Kc5 44. h7 Kd5 45. h8=Q Kc5 46. Ra6
Kd5 47. Qh5+ Ke4 48. Ra4+ Kd3 49. Rc4 Kd2 50. Qd5+ Ke2 51. Re4# 1-0

[Event "NAYCC U08 w"]
[Site "Windsor CAN"]
[Date "2016.08.11"]
[Round "8.176"]
[White "Velea, Sophie"]
[Black "Ai, Amy"]
[Result "1-0"]
[WhiteElo "1276"]
[BlackElo "605"]
[PlyCount "163"]
[EventDate "2016.08.07"]
[EventType "swiss"]
[EventRounds "9"]
[EventCountry "CAN"]

1. e4 e5 2. Nf3 Nc6 3. Nc3 Nf6 4. Bb5 Bd6 5. O-O O-O 6. d3 a6 7. Bc4 h6 8. Nd5
Bc5 9. Qe2 d6 10. h3 Nxd5 11. Bxd5 Nd4 12. Nxd4 Bxd4 13. c3 Bb6 14. Be3 Bxe3
15. Qxe3 c6 16. Bb3 Qg5 17. Qxg5 hxg5 18. d4 Re8 19. dxe5 dxe5 20. Rad1 Be6 21.
Bxe6 Rxe6 22. Rd7 b5 23. Rfd1 Ree8 24. Kf1 Kf8 25. Ke2 Re7 26. Rd8+ Rxd8 27.
Rxd8+ Re8 28. Rd7 Re7 29. Rd6 Rc7 30. Rd8+ Ke7 31. Ra8 Kd6 32. Rxa6 Kc5 33. Ra8
b4 34. cxb4+ Kxb4 35. Re8 f6 36. Rb8+ Kc4 37. Rb3 Ra7 38. Rc3+ Kd4 39. a3 Kxe4
40. Rxc6 Rb7 41. b4 Ra7 42. Rc3 Kd4 43. Kd2 Rb7 44. Rc5 Ra7 45. Rc3 Ra4 46. Rb3
Ra7 47. Rd3+ Kc4 48. Kc2 Ra4 49. Rb3 Kd4 50. b5 Ra8 51. Rb4+ Kc5 52. Kb3 Rb8
53. a4 Kb6 54. Rc4 Rb7 55. Rc6+ Ka7 56. Kb4 Rb6 57. Rc7+ Kb8 58. Rxg7 Rd6 59.
Ka5 Rd2 60. Ka6 Kc8 61. b6 Rb2 62. b7+ Kd8 63. Ka7 e4 64. b8=Q+ Rxb8 65. Kxb8
Ke8 66. Rc7 Kd8 67. Rf7 Ke8 68. Rxf6 Ke7 69. Rf5 e3 70. fxe3 Ke6 71. Rxg5 Kf6
72. h4 Ke6 73. a5 Kd6 74. a6 Ke6 75. a7 Kd7 76. a8=Q Kd6 77. Qd5+ Ke7 78. Qc6
Kf7 79. Rg6 Ke7 80. Qc7+ Kf8 81. Rg7 Ke8 82. Qc8# 1-0

[Event "NAYCC U08 w"]
[Site "Windsor CAN"]
[Date "2016.08.11"]
[Round "8.177"]
[White "Kaur, Jind"]
[Black "Nguyen, Chance"]
[Result "0-1"]
[WhiteElo "787"]
[BlackElo "1232"]
[PlyCount "68"]
[EventDate "2016.08.07"]
[EventType "swiss"]
[EventRounds "9"]
[EventCountry "CAN"]

1. e4 e6 2. Nf3 d5 3. exd5 exd5 4. Nc3 Nf6 5. Be2 Nc6 6. Bb5 Bd7 7. Bxc6 Bxc6
8. d4 Bb4 9. Bd2 O-O 10. O-O h6 11. Re1 Qd6 12. Qe2 Rfe8 13. Qd3 a6 14. Bc1
Rxe1+ 15. Nxe1 Re8 16. Nf3 Ne4 17. Nxe4 dxe4 18. Qd1 exf3 19. Be3 Qg6 20. g3
Qg4 21. Qf1 Qe6 22. b3 Bc3 23. Rd1 Bb5 24. Rd3 Bxd3 25. Qxd3 Qh3 26. Qf1 Qxf1+
27. Kxf1 f5 28. Kg1 g5 29. h3 Kf7 30. d5 Rg8 31. a4 f4 32. gxf4 gxf4+ 33. Kf1
fxe3 34. b4 e2# 0-1

[Event "NAYCC U08 w"]
[Site "Windsor CAN"]
[Date "2016.08.11"]
[Round "8.178"]
[White "Yu, Sophia"]
[Black "Rajaram, Anika"]
[Result "1/2-1/2"]
[WhiteElo "723"]
[BlackElo "1420"]
[PlyCount "48"]
[EventDate "2016.08.07"]
[EventType "swiss"]
[EventRounds "9"]
[EventCountry "CAN"]

1. d4 d5 2. c4 e6 3. Nc3 Nf6 4. Nf3 Be7 5. Bf4 O-O 6. e3 Bb4 7. a3 Bxc3+ 8.
bxc3 b6 9. cxd5 exd5 10. Bd3 Bb7 11. O-O Nbd7 12. Qc2 h6 13. Rab1 c5 14. Bd6
Re8 15. dxc5 Bc6 16. Nd4 Rc8 17. cxb6 Nxb6 18. Nxc6 Rxc6 19. Bb5 Qxd6 20. Bxc6
Qxc6 21. Rb4 a5 22. Rf4 Rc8 23. Qb3 Ne4 24. Re1 Nxc3 1/2-1/2

[Event "NAYCC U08 w"]
[Site "Windsor CAN"]
[Date "2016.08.11"]
[Round "8.179"]
[White "Hua, Michelle"]
[Black "McNutt, Kaitlynn"]
[Result "0-1"]
[WhiteElo "1039"]
[BlackElo "1060"]
[PlyCount "124"]
[EventDate "2016.08.07"]
[EventType "swiss"]
[EventRounds "9"]
[EventCountry "CAN"]

1. e4 e6 2. d4 d5 3. e5 c5 4. c3 Nc6 5. Be3 Qb6 6. Qd2 Bd7 7. Nf3 cxd4 8. cxd4
Bb4 9. Nc3 Nge7 10. Bd3 Nf5 11. a3 Qa5 12. O-O Bxc3 13. bxc3 Nxe3 14. fxe3 O-O
15. e4 h6 16. c4 Qxd2 17. Nxd2 dxe4 18. Nxe4 Nxd4 19. Rfd1 Ba4 20. Rf1 Nc6 21.
Nc5 Nxe5 22. Nxa4 Nxd3 23. Rfd1 Ne5 24. c5 b5 25. cxb6 axb6 26. Nxb6 Rab8 27.
Nd7 Nxd7 28. Rxd7 Rfd8 29. Rxd8+ Rxd8 30. a4 Ra8 31. a5 Kf8 32. Kf2 Ke7 33. Ke3
Kd6 34. Kd4 e5+ 35. Ke4 f6 36. Kf5 Kc5 37. Kg6 Kb5 38. Kxg7 Rxa5 39. Rxa5+ Kxa5
40. Kxf6 e4 41. g4 e3 42. g5 hxg5 43. Kxg5 e2 44. h4 e1=Q 45. h5 Qg1+ 46. Kh6
Kb6 47. Kh7 Qb1+ 48. Kg7 Qg1+ 49. Kh7 Kc7 50. h6 Qb1+ 51. Kh8 Qb2+ 52. Kg8 Qb3+
53. Kg7 Qg3+ 54. Kh8 Qe5+ 55. Kg8 Qg5+ 56. Kh7 Kd7 57. Kh8 Qxh6+ 58. Kg8 Qf6
59. Kh7 Qg5 60. Kh8 Ke7 61. Kh7 Kf7 62. Kh8 Qg8# 0-1

[Event "NAYCC U08 w"]
[Site "Windsor CAN"]
[Date "2016.08.11"]
[Round "8.180"]
[White "Pradhan, Ananya"]
[Black "Wen, Kally"]
[Result "0-1"]
[WhiteElo "477"]
[BlackElo "1090"]
[PlyCount "80"]
[EventDate "2016.08.07"]
[EventType "swiss"]
[EventRounds "9"]
[EventCountry "CAN"]

1. e4 e5 2. Nc3 Nf6 3. Nf3 Nc6 4. Bc4 Bc5 5. O-O O-O 6. d3 h6 7. h3 Nd4 8. Nxe5
d6 9. Nxf7 Rxf7 10. Bxf7+ Kxf7 11. Re1 Nc6 12. Qf3 Nd4 13. Qg3 Nxc2 14. Re2
Nxa1 15. e5 dxe5 16. Qxe5 Qd6 17. d4 Bxd4 18. Qb5 Bxc3 19. bxc3 Qd1+ 20. Kh2
Qxc1 21. Qe5 c6 22. Qe7+ Kg6 23. Re1 Qf4+ 24. Kg1 Nc2 25. Re2 Bf5 26. Qxb7 Rb8
27. Re7 Rxb7 28. Rxb7 Ne4 29. f3 Qe3+ 30. Kh2 Nxc3 31. Rb3 Qf4+ 32. Kg1 Ne2+
33. Kf1 Qc4 34. Rb2 Ng3+ 35. Kg1 Qd4+ 36. Kh2 Nf1+ 37. Kh1 Qxb2 38. Kg1 Bd3 39.
Kh1 Nce3 40. Kg1 Qxg2# 0-1

[Event "NAYCC U08 w"]
[Site "Windsor CAN"]
[Date "2016.08.11"]
[Round "9.176"]
[White "Velea, Sophie"]
[Black "Pradhan, Ananya"]
[Result "1-0"]
[WhiteElo "1276"]
[BlackElo "477"]
[PlyCount "165"]
[EventDate "2016.08.07"]
[EventType "swiss"]
[EventRounds "9"]
[EventCountry "CAN"]

1. e4 e5 2. Nf3 Nc6 3. Nc3 Nf6 4. Bb5 a6 5. Bxc6 dxc6 6. O-O Bb4 7. d3 O-O 8.
Bg5 Bxc3 9. bxc3 h6 10. Bh4 Qd6 11. Bg3 Bg4 12. h3 Bxf3 13. Qxf3 Rad8 14. Bh4
h5 15. Bxf6 Qxf6 16. Qxh5 Rd6 17. Qf5 Qh6 18. Rad1 Rg6 19. Kh2 Rf6 20. Qxe5 Re6
21. Qg3 Rd8 22. Qe3 Qh5 23. Qf3 Qe5+ 24. Qg3 Qxc3 25. Qxc7 Rd4 26. Qxb7 Qxc2
27. Qb1 Qe2 28. Rde1 Qh5 29. Qd1 Qe5+ 30. Kh1 Rg6 31. Re3 Qg5 32. Rg3 Qf6 33.
Rxg6 Qxg6 34. Qf3 c5 35. Rc1 a5 36. Rxc5 Qd6 37. Rc8+ Kh7 38. Qh5+ Qh6 39.
Qxh6+ gxh6 40. Rc3 Rb4 41. Rb3 Ra4 42. a3 Rd4 43. Kg1 Rd6 44. Kf1 Rc6 45. Ke2
a4 46. Rb4 Ra6 47. Ke3 Ra5 48. g3 f6 49. d4 Kg6 50. d5 Ra8 51. Kd4 Rd8 52. Rxa4
h5 53. Rb4 h4 54. g4 Kg5 55. Ke3 Rc8 56. f4+ Kg6 57. Rd4 Rc3+ 58. Rd3 Rc7 59.
a4 Rc4 60. a5 Ra4 61. d6 Rxa5 62. d7 Ra8 63. d8=Q Rxd8 64. Rxd8 Kf7 65. Rh8 Kg7
66. Rxh4 Kg6 67. e5 fxe5 68. fxe5 Kf7 69. Rh7+ Ke6 70. Rh6+ Kxe5 71. g5 Kf5 72.
g6 Kf6 73. Rh8 Kxg6 74. Rf8 Kg5 75. h4+ Kxh4 76. Rg8 Kh5 77. Kf4 Kh6 78. Kf5
Kh7 79. Rg6 Kh8 80. Rg1 Kh7 81. Kf6 Kh8 82. Kf7 Kh7 83. Rh1# 1-0

[Event "NAYCC U08 w"]
[Site "Windsor CAN"]
[Date "2016.08.11"]
[Round "9.177"]
[White "Rajaram, Anika"]
[Black "McNutt, Kaitlynn"]
[Result "1-0"]
[WhiteElo "1420"]
[BlackElo "1060"]
[PlyCount "115"]
[EventDate "2016.08.07"]
[EventType "swiss"]
[EventRounds "9"]
[EventCountry "CAN"]

1. c4 e5 2. g3 Nf6 3. Bg2 Nc6 4. Nc3 Bc5 5. e3 d6 6. Nge2 Be6 7. d4 Bxc4 8.
dxc5 Bxe2 9. Qxe2 d5 10. O-O O-O 11. Rd1 d4 12. exd4 exd4 13. Bg5 Re8 14. Ne4
Ne5 15. Bxf6 gxf6 16. Qh5 Ng6 17. Qe2 Re6 18. Qd3 Qe7 19. Qxd4 Re8 20. Nc3 c6
21. Qd7 Qxd7 22. Rxd7 R6e7 23. Rxe7 Nxe7 24. Re1 Kf8 25. Kf1 Ng6 26. Rxe8+ Kxe8
27. Ke2 Kd7 28. Ne4 Ke6 29. Nd6 b5 30. cxb6 axb6 31. Nc8 b5 32. Bxc6 b4 33. a3
bxa3 34. bxa3 Ne5 35. Bf3 Nc4 36. a4 Ke5 37. Ne7 Kd6 38. Nf5+ Kc5 39. Nh6 Nd6
40. Bh5 Kb4 41. Nxf7 Nxf7 42. Bxf7 Kxa4 43. Kd3 Kb5 44. Ke4 Kc6 45. Kf5 h6 46.
Kxf6 Kc5 47. Kg6 Kd4 48. Kxh6 Ke4 49. g4 Kf4 50. g5 Kf3 51. g6 Kxf2 52. g7 Kg2
53. g8=Q+ Kxh2 54. Qg4 Kh1 55. Kg5 Kh2 56. Kf4 Kh1 57. Kf3 Kh2 58. Qg2# 1-0

[Event "NAYCC U08 w"]
[Site "Windsor CAN"]
[Date "2016.08.11"]
[Round "9.178"]
[White "Ai, Amy"]
[Black "Qu, Greta"]
[Result "0-1"]
[WhiteElo "605"]
[BlackElo "773"]
[PlyCount "100"]
[EventDate "2016.08.07"]
[EventType "swiss"]
[EventRounds "9"]
[EventCountry "CAN"]

1. e4 c5 2. Nf3 Nc6 3. d4 cxd4 4. Nxd4 Nf6 5. Nc3 e5 6. Nf3 Bb4 7. Bd2 d6 8. h3
Bxc3 9. Bxc3 Nxe4 10. Bd2 O-O 11. Bc4 Qb6 12. Be3 Qb4+ 13. Nd2 Nxd2 14. Qxd2
Qxc4 15. b3 Qe4 16. O-O Qg6 17. Kh2 Bf5 18. Rac1 Be4 19. f3 Bf5 20. c4 Bc8 21.
Rfe1 Ne7 22. Bg5 Nf5 23. Qd3 Qxg5 24. Rcd1 Qg3+ 25. Kg1 Nd4 26. Qe4 Bxh3 27.
Re2 Nxe2+ 28. Qxe2 e4 29. fxe4 Bg4 30. Qd2 Bxd1 31. Qxd1 Qe3+ 32. Kf1 Qxe4 33.
Qe2 Qxe2+ 34. Kxe2 Rfe8+ 35. Kd3 Re1 36. Kd4 Re2 37. Kd5 Rxg2 38. Kxd6 Rxa2 39.
Kc7 f5 40. Kxb7 Rf8 41. Kc6 f4 42. Kd5 f3 43. Ke4 f2 44. Ke3 f1=Q 45. b4 Re8+
46. Kd4 Rd2+ 47. Kc3 Qc1+ 48. Kb3 Rb2+ 49. Ka4 Qxc4 50. Ka5 Ra2# 0-1

[Event "NAYCC U08 w"]
[Site "Windsor CAN"]
[Date "2016.08.11"]
[Round "9.179"]
[White "Wen, Kally"]
[Black "Hua, Michelle"]
[Result "1-0"]
[WhiteElo "1090"]
[BlackElo "1039"]
[PlyCount "97"]
[EventDate "2016.08.07"]
[EventType "swiss"]
[EventRounds "9"]
[EventCountry "CAN"]

1. e4 d5 2. exd5 Qxd5 3. Nc3 Qa5 4. Nf3 Bg4 5. Be2 Nc6 6. O-O O-O-O 7. Nh4 Bxe2
8. Qxe2 Nf6 9. Nf3 e6 10. d3 h6 11. a3 Bd6 12. Be3 Ne5 13. Bf4 Nxf3+ 14. Qxf3
Qf5 15. Bxd6 Qxf3 16. gxf3 cxd6 17. Rfe1 Rhg8 18. Kh1 g5 19. Ne4 Nxe4 20. fxe4
Kb8 21. Re3 Rc8 22. c3 f5 23. exf5 exf5 24. Re6 Rce8 25. Rae1 Rxe6 26. Rxe6 Rd8
27. Rxh6 Rd7 28. Rf6 d5 29. Rxf5 d4 30. c4 Re7 31. Rxg5 Re2 32. h4 Rxf2 33. h5
Rf8 34. Rg6 Kc7 35. Rg7+ Kb6 36. h6 Rh8 37. h7 a6 38. Kh2 Kc6 39. Kh3 Kd6 40.
Kh4 Ke6 41. Kh5 Rf8 42. Rg8 Rf5+ 43. Kg4 Rf2 44. h8=Q Rf6 45. Re8+ Kf7 46. Rf8+
Ke7 47. Qxf6+ Kd7 48. Rf7+ Kc8 49. Qh8# 1-0

[Event "NAYCC U08 w"]
[Site "Windsor CAN"]
[Date "2016.08.11"]
[Round "9.180"]
[White "Yu, Sophia"]
[Black "Kaur, Jind"]
[Result "1-0"]
[WhiteElo "723"]
[BlackElo "787"]
[PlyCount "87"]
[EventDate "2016.08.07"]
[EventType "swiss"]
[EventRounds "9"]
[EventCountry "CAN"]

1. e4 e5 2. Nf3 Nc6 3. Bc4 Bc5 4. c3 d6 5. d4 Bb6 6. Ng5 Nh6 7. Nf3 Bg4 8. h3
Bxf3 9. Qxf3 O-O 10. d5 Ne7 11. O-O f6 12. Bxh6 gxh6 13. Qg3+ Kh8 14. a4 a6 15.
Kh1 f5 16. Nd2 f4 17. Qh4 Ng8 18. Qxd8 Raxd8 19. a5 Ba7 20. b4 Nf6 21. b5 Rb8
22. bxa6 bxa6 23. Bxa6 Rb2 24. Nc4 Rxf2 25. Rxf2 Bxf2 26. Bb7 Nxe4 27. a6 Ng3+
28. Kh2 Ba7 29. Na5 Rg8 30. Nc6 Ne4 31. Nxa7 Nxc3 32. Nc8 e4 33. a7 f3 34. gxf3
exf3 35. a8=Q Rg2+ 36. Kh1 Ne2 37. Ne7+ Kg7 38. Qg8+ Kf6 39. Qf8+ Ke5 40. Qf5+
Kd4 41. Rd1+ Kc3 42. Qd3+ Kb4 43. Rb1+ Kc5 44. Rb5# 1-0

[Event "NAYCC U10"]
[Site "Windsor CAN"]
[Date "2016.08.07"]
[Round "1.128"]
[White "Shlionsky, Aryah"]
[Black "Balachandran, Kousihan"]
[Result "0-1"]
[WhiteElo "1893"]
[BlackElo "1400"]
[PlyCount "96"]
[EventDate "2016.08.07"]
[EventType "swiss"]
[EventRounds "9"]
[EventCountry "CAN"]

1. e4 c5 2. Nf3 Nc6 3. d4 cxd4 4. Nxd4 g6 5. Nxc6 bxc6 6. Bc4 Bg7 7. O-O Nf6 8.
Qf3 d5 9. exd5 cxd5 10. Rd1 Bg4 11. Bxd5 Bxf3 12. Bxf3 Qc8 13. Bxa8 Qxa8 14.
Nc3 O-O 15. h3 Ne4 16. Nd5 e6 17. Ne3 Qb7 18. c3 Qa6 19. f3 Ng3 20. Nc2 Qe2 21.
Bf4 Qxc2 22. Bxg3 Qxb2 23. Be1 Qb6+ 24. Bf2 Qa5 25. Rac1 Bh6 26. Rb1 Qxc3 27.
Bxa7 Be3+ 28. Bxe3 Qxe3+ 29. Kh1 Ra8 30. Ra1 Qe2 31. a4 Kg7 32. Rdb1 Qc2 33.
Rc1 Qf5 34. Kg1 Qa5 35. Rcb1 Qc5+ 36. Kh1 Qa5 37. Kg1 Qa7+ 38. Kh1 Rb8 39. Rc1
Qa5 40. Rc4 e5 41. Kh2 f5 42. Kh1 g5 43. Kh2 e4 44. fxe4 Qe5+ 45. Kh1 Qxa1+ 46.
Kh2 Qe5+ 47. Kg1 Qf4 48. Rc7+ Qxc7 0-1

[Event "NAYCC U10"]
[Site "Windsor CAN"]
[Date "2016.08.07"]
[Round "1.129"]
[White "Tsay, William"]
[Black "Vu, Leonard"]
[Result "0-1"]
[WhiteElo "1399"]
[BlackElo "1862"]
[PlyCount "54"]
[EventDate "2016.08.07"]
[EventType "swiss"]
[EventRounds "9"]
[EventCountry "CAN"]

1. d4 c5 2. dxc5 Qa5+ 3. Nc3 Qxc5 4. Nf3 g6 5. e4 Bg7 6. Bd2 Nf6 7. Bd3 O-O 8.
O-O d6 9. Re1 Nbd7 10. Qc1 Re8 11. Bh6 Bh8 12. Be3 Qc6 13. Qd2 a6 14. Rad1 b5
15. Bf4 Bb7 16. Bf1 b4 17. Nd5 a5 18. Qd3 Nc5 19. Qb5 Nfxe4 20. Qxc6 Bxc6 21.
Nc7 Bxb2 22. Nxe8 Rxe8 23. Nd4 Bxd4 24. Rxd4 e5 25. Bxe5 dxe5 26. Rc4 Bd5 27.
Rcxe4 Nxe4 0-1

[Event "NAYCC U10"]
[Site "Windsor CAN"]
[Date "2016.08.07"]
[Round "1.130"]
[White "Zheng, Michael"]
[Black "Singireddy, Ruthvik"]
[Result "1-0"]
[WhiteElo "1811"]
[BlackElo "1398"]
[PlyCount "119"]
[EventDate "2016.08.07"]
[EventType "swiss"]
[EventRounds "9"]
[EventCountry "CAN"]

1. e4 e5 2. Nf3 Nc6 3. Bc4 Bc5 4. c3 Nf6 5. d4 exd4 6. cxd4 Bb4+ 7. Bd2 Bxd2+
8. Nbxd2 d5 9. exd5 Nxd5 10. Qb3 Nce7 11. O-O O-O 12. Rfe1 Nb6 13. Bd3 Nc6 14.
Qc3 Nd5 15. Qc5 Nf4 16. Bf5 g6 17. Bxc8 Rxc8 18. Qc4 Qd5 19. Qxd5 Nxd5 20. Rad1
Ndb4 21. Ne4 Nxa2 22. d5 Ncb4 23. Nc5 b6 24. Nd7 Rfd8 25. Re7 c6 26. Nfe5 Nxd5
27. Rxf7 Nab4 28. Rd4 Re8 29. Rh4 h5 30. g4 Rxe5 31. Nxe5 Re8 32. gxh5 Rxe5 33.
hxg6 Rg5+ 34. Kf1 Rxg6 35. Rxa7 Nd3 36. Rd4 Nc5 37. b4 Ne6 38. Re4 Ndc7 39. Rb7
b5 40. Rb6 Ng5 41. Rg4 Nd5 42. Rxc6 Rg7 43. Rc5 Nxb4 44. Rgxg5 Nd3 45. Rxg7+
Kxg7 46. Rxb5 Nf4 47. h4 Kh6 48. Ke1 Ng6 49. h5 Nf4 50. Kd2 Nxh5 51. Ke3 Nf6
52. Rb6 Kg7 53. Rxf6 Kxf6 54. Kf4 Kg6 55. Ke5 Kf7 56. Kf5 Ke7 57. f3 Kf7 58. f4
Kg7 59. Ke6 Kf8 60. Kf6 1-0

[Event "NAYCC U10"]
[Site "Windsor CAN"]
[Date "2016.08.07"]
[Round "1.131"]
[White "Srinivas, Atharva"]
[Black "Rusonik, Max"]
[Result "0-1"]
[WhiteElo "1388"]
[BlackElo "1804"]
[PlyCount "92"]
[EventDate "2016.08.07"]
[EventType "swiss"]
[EventRounds "9"]
[EventCountry "CAN"]

1. e4 e5 2. Nf3 Nc6 3. Bb5 f5 4. d3 fxe4 5. dxe4 Nf6 6. O-O Bc5 7. Bxc6 bxc6 8.
Nxe5 O-O 9. Nd3 Nxe4 10. Nxc5 Nxc5 11. Nc3 Rb8 12. Qd4 d6 13. a3 a5 14. Rb1 Bf5
15. Qc4+ Kh8 16. Na2 Be6 17. Qc3 Bxa2 18. Bh6 Qf6 19. Qxf6 Rxf6 20. Ra1 Bc4 21.
Bg5 Rf5 22. Be3 Bxf1 23. Bxc5 Rxc5 24. Rxf1 Rxb2 25. Re1 Re5 26. Rc1 Re2 27. c3
Rxf2 28. g3 Rg2+ 29. Kf1 Rbf2+ 30. Ke1 Rg1+ 31. Kxf2 Rxc1 32. h4 Rxc3 33. a4
Ra3 34. g4 Rxa4 35. Kg3 Rb4 36. h5 h6 37. Kh4 a4 38. Kg3 a3 39. Kh3 a2 40. Kg3
a1=R 41. Kf3 Ra3+ 42. Ke2 Rbb3 43. Kd2 Rb2+ 44. Kc1 Rg2 45. Kb1 Rh3 46. Ka1
Rh1# 0-1

[Event "NAYCC U10"]
[Site "Windsor CAN"]
[Date "2016.08.07"]
[Round "1.132"]
[White "Prem, Pranav"]
[Black "Dinatolo, Zack"]
[Result "1-0"]
[WhiteElo "1725"]
[BlackElo "1365"]
[PlyCount "63"]
[EventDate "2016.08.07"]
[EventType "swiss"]
[EventRounds "9"]
[EventCountry "CAN"]

1. d4 d5 2. c4 c6 3. Nf3 Nf6 4. Nc3 dxc4 5. a4 e6 6. Ne5 Bb4 7. e3 Nbd7 8. Nxd7
Bxd7 9. Bxc4 O-O 10. O-O Qc7 11. Bd2 Bd6 12. h3 Rad8 13. Qe2 Rfe8 14. Rac1 Qb8
15. Qf3 e5 16. dxe5 Rxe5 17. e4 Rc5 18. Ne2 Be6 19. Bxe6 fxe6 20. Bc3 Rf8 21.
Qe3 Rh5 22. f4 Bc5 23. Bd4 Bxd4 24. Nxd4 e5 25. Ne6 Re8 26. f5 h6 27. g4 Rh4
28. Qg3 g5 29. fxg6 Rxh3 30. Qxh3 Rxe6 31. g5 Nxe4 32. Qxe6+ 1-0

[Event "NAYCC U10"]
[Site "Windsor CAN"]
[Date "2016.08.07"]
[Round "1.133"]
[White "Zhang, Henry Z"]
[Black "Trakru, Rohun"]
[Result "0-1"]
[WhiteElo "1315"]
[BlackElo "1724"]
[PlyCount "54"]
[EventDate "2016.08.07"]
[EventType "swiss"]
[EventRounds "9"]
[EventCountry "CAN"]

1. e4 e6 2. Nf3 d5 3. Nc3 Nf6 4. e5 Nfd7 5. d4 c5 6. Be2 Nc6 7. dxc5 Bxc5 8.
Bf4 f6 9. exf6 Nxf6 10. O-O O-O 11. Ne5 Bd6 12. Nxc6 bxc6 13. Qd2 Ne4 14. Nxe4
Bxf4 15. Qd4 dxe4 16. Qxe4 Qh4 17. g3 Bxg3 18. Qxh4 Bxh4 19. Rad1 e5 20. Bc4+
Kh8 21. Kg2 Bf5 22. c3 h6 23. Be2 Rab8 24. b3 Rbd8 25. c4 Bc2 26. Rc1 Rd2 27.
Bg4 Bd3 0-1

[Event "NAYCC U10"]
[Site "Windsor CAN"]
[Date "2016.08.07"]
[Round "1.134"]
[White "Rama, Tejas"]
[Black "Xie, Austin"]
[Result "1-0"]
[WhiteElo "1712"]
[BlackElo "1232"]
[PlyCount "83"]
[EventDate "2016.08.07"]
[EventType "swiss"]
[EventRounds "9"]
[EventCountry "CAN"]

1. d4 d5 2. c4 e6 3. Nc3 Nf6 4. Nf3 c6 5. Bf4 Nbd7 6. e3 b6 7. cxd5 Nxd5 8.
Nxd5 exd5 9. a3 Nf6 10. Ne5 Bd7 11. Ba6 b5 12. Bb7 Rb8 13. Nxc6 Qb6 14. Nxb8
Qxb7 15. Nxd7 Qxd7 16. h3 Bd6 17. Bxd6 Qxd6 18. O-O O-O 19. Qd3 a6 20. Rfc1 Nd7
21. Rc2 Rb8 22. Rac1 Rb6 23. Rc8+ Nf8 24. Ra8 Rc6 25. Rc8 Rb6 26. Qf5 b4 27.
R1c7 Qe6 28. Qxe6 fxe6 29. Ra8 bxa3 30. bxa3 Rb1+ 31. Kh2 Rb2 32. Kg3 Rb3 33.
Rcc8 Kf7 34. Rxf8+ Ke7 35. Rfb8 Rxa3 36. Rb7+ Kf6 37. Rf8+ Kg6 38. Re7 a5 39.
Rxe6+ Kg5 40. h4+ Kh5 41. Rf5+ g5 42. Rxg5# 1-0

[Event "NAYCC U10"]
[Site "Windsor CAN"]
[Date "2016.08.07"]
[Round "1.136"]
[White "Zong, Davis"]
[Black "Guo, Roger"]
[Result "1-0"]
[WhiteElo "1675"]
[BlackElo "1183"]
[PlyCount "47"]
[EventDate "2016.08.07"]
[EventType "swiss"]
[EventRounds "9"]
[EventCountry "CAN"]

1. e4 e5 2. Nf3 Nc6 3. Bc4 g6 4. O-O Bg7 5. c3 Nge7 6. d4 exd4 7. cxd4 O-O 8.
Nc3 h6 9. h3 Kh7 10. Re1 d6 11. Qe2 f5 12. e5 dxe5 13. dxe5 Nd4 14. Nxd4 Qxd4
15. Nb5 Qc5 16. b4 Qc6 17. a3 b6 18. Nd4 Qd7 19. Ne6 Re8 20. Nxg7 Kxg7 21. Bb2
Kh7 22. Bf7 Rf8 23. e6 Qc6 24. Qe5 1-0

[Event "NAYCC U10"]
[Site "Windsor CAN"]
[Date "2016.08.07"]
[Round "1.137"]
[White "Gaisinsky, Jacob"]
[Black "Yuan, Edison"]
[Result "1/2-1/2"]
[WhiteElo "1167"]
[BlackElo "1666"]
[PlyCount "54"]
[EventDate "2016.08.07"]
[EventType "swiss"]
[EventRounds "9"]
[EventCountry "CAN"]

1. e4 e6 2. d4 d5 3. e5 c5 4. c3 Nc6 5. Nf3 Qb6 6. Be2 Nge7 7. Na3 cxd4 8. cxd4
Nf5 9. Nc2 Bb4+ 10. Bd2 Bxd2+ 11. Qxd2 Qxb2 12. O-O Qb6 13. Rfd1 O-O 14. Rab1
Qa5 15. Nb4 Nxb4 16. Rxb4 Qc7 17. Rc1 Qe7 18. Rb3 b6 19. Rbc3 Bd7 20. Rc7 a6
21. Rb7 b5 22. Rcc7 Rfd8 23. Qg5 Qxg5 24. Nxg5 h6 25. Nf3 Bc8 26. Rb6 Rd7 27.
Rc5 Bb7 1/2-1/2

[Event "NAYCC U10"]
[Site "Windsor CAN"]
[Date "2016.08.07"]
[Round "1.139"]
[White "Yuan, Kevin"]
[Black "Kamath, Atul"]
[Result "0-1"]
[WhiteElo "975"]
[BlackElo "1637"]
[PlyCount "132"]
[EventDate "2016.08.07"]
[EventType "swiss"]
[EventRounds "9"]
[EventCountry "CAN"]

1. e4 e5 2. Nf3 Nc6 3. d4 exd4 4. Bc4 Nf6 5. O-O d5 6. exd5 Nxd5 7. Nxd4 Nxd4
8. Qxd4 Be6 9. Re1 Nb4 10. Qc3 Qd7 11. a3 Nc6 12. Nd2 O-O-O 13. b4 Bxc4 14.
Qxc4 Qd4 15. Ra2 Qxc4 16. Nxc4 Nd4 17. Be3 Ne2+ 18. Kf1 Nc3 19. Rb2 a6 20. Rb3
Ne4 21. Bf4 Rd4 22. f3 Rxc4 23. Rxe4 Rxc2 24. Rd3 Bd6 25. Bxd6 cxd6 26. Rxd6
Rd8 27. Rxd8+ Kxd8 28. Rd4+ Kc7 29. a4 Rc6 30. Re4 Kd6 31. Rd4+ Kc7 32. Re4 Re6
33. Rxe6 fxe6 34. Ke2 Kd6 35. Kd3 Kd5 36. f4 b6 37. b5 axb5 38. axb5 Kc5 39.
Kc3 Kxb5 40. Kb3 Kc5 41. Kc3 Kd5 42. Kd3 b5 43. g3 e5 44. fxe5 Kxe5 45. Ke3 b4
46. Kd3 b3 47. Kc3 Ke4 48. Kxb3 Kf3 49. Kc3 Kg2 50. g4 Kxh2 51. Kd4 Kg3 52. g5
Kg4 53. g6 h5 54. Ke5 Kg5 55. Ke4 Kxg6 56. Kf3 Kf5 57. Kg3 g5 58. Kh3 h4 59.
Kg2 g4 60. Kh2 Kf4 61. Kg2 h3+ 62. Kh2 Kf3 63. Kg1 g3 64. Kh1 g2+ 65. Kg1 Ke2
66. Kh2 Kf1 0-1

[Event "NAYCC U10"]
[Site "Windsor CAN"]
[Date "2016.08.07"]
[Round "1.140"]
[White "Oberoi, Shelev"]
[Black "Jasniewicz, Karol"]
[Result "1-0"]
[WhiteElo "1618"]
[BlackElo "971"]
[PlyCount "55"]
[EventDate "2016.08.07"]
[EventType "swiss"]
[EventRounds "9"]
[EventCountry "CAN"]

1. e4 e5 2. Nf3 Nc6 3. Bc4 Nf6 4. d3 Bc5 5. c3 O-O 6. O-O d6 7. a4 a6 8. b4 Bb6
9. a5 Ba7 10. Nbd2 Qe7 11. Re1 Ng4 12. Re2 Bd7 13. h3 Nf6 14. Nf1 Rab8 15. Be3
Bxe3 16. Nxe3 Be6 17. Re1 Rbd8 18. b5 axb5 19. Bxb5 Nb8 20. Bc4 c6 21. Qb3 d5
22. exd5 cxd5 23. Bb5 d4 24. Nc4 Bxc4 25. Bxc4 Qc7 26. Nxe5 dxc3 27. Qxc3 Rde8
28. Bxf7+ 1-0